000 01220nam a2200301 a 4500
001 BRCA_3354
005 20190320204235.0
008 260309s1890----enk#---###---#000-0#eng-#
041 _aeng
044 _aenk
084 _a648
_b.O34
_c1890
100 1 _aCervantes Saavedra, Miguel de
_d1547-1616
_9213
245 1 0 _aAdventures of Don Quixote de la Mancha
_cTranslated from the Spanish of Miguel de Cervantes Saavedra by Charles Jarvis.
260 _aLondres
_bOdham Press
_c1890
300 _a2 v.
_c20 cm.
500 _aContenido : v.1. Primera parte. Retrato de Cervantes. Prólogo de Cervantes. Introducción. -- v.2. Segunda parte. Prólogo de Cervantes
500 _aReproducción de la traducción de Jarvis. Edición de surtido. Tela Lúdovik Osterc
500 _aQM1320
546 _aTexto en : inglés
650 1 4 _aNovela española
_yÉpoca clásica, 1500-1700
_9215
650 1 4 _aLiteratura española
_yÉpoca clásica, 1500-1700
_9216
650 1 4 _aNovela española
_ySiglo XVII
_9217
650 1 4 _aDon Quijote (Personaje ficticio)
_eNovela
_9218
700 1 _aJarvis, Charles
_d?-1739
_eTraductor
_98844
740 0 _aEl Ingenioso Hidalgo Don Quijote de la Mancha
902 _aQFM
942 _2lcc
_cB
999 _c3090
_d3090